Statistics for All 1M+ Cities in Russia

Click here to take the quiz!

General Stats

  • This quiz has been taken 90 times
  • The average score is 12 of 16

Answer Stats

First LetterPopulation (Millions)City Name% Correct
M17.2Moscow
100%
S5.6St. Petersburg
97%
V1.41Volgograd
86%
N1.74Nizhny Novgorod
83%
N1.7Novosibirsk
83%
Y1.65Yekaterinburg
83%
R1.3Rostov-on-Don
80%
O1.17Omsk
79%
C1.42Chelyabinsk
74%
S1.31Samara
73%
U1.13Ufa
73%
K1.26Kazan
70%
P1.12Perm
68%
K1.13Krasnoyarsk
61%
V1.06Voronezh
53%
S1.09Saratov
52%

Score Distribution

Percentile by Number Answered

Percent of People with Each Score

Your Score History

You have not taken this quiz